| 000 | 00519nam a22001817a 4500 | ||
|---|---|---|---|
| 999 |
_c2501 _d2501 |
||
| 003 | AR-CdUCM | ||
| 008 | 190227b ||||| |||| 00| 0 spa d | ||
| 040 |
_aMUNICIPALIDAD PROVINCIAL DEL CUSCO _cBIBLIOTECA MUNICIPAL DEL CUSCO |
||
| 082 |
_a868.917 / _bM26 |
||
| 100 |
_aMartos, Marco _91115 |
||
| 245 |
_aCasa nuestra / _cMarco Martos |
||
| 260 |
_aLima : _bJurídica, _c1965. |
||
| 300 |
_a43 páginas ; _c16 cm. |
||
| 650 |
_aPoesía _9139 |
||
| 650 |
_aLiteratura peruana _9169 |
||
| 942 |
_2ddc _cLIBROS |
||
| 945 | _arac | ||